Современный подход к образованию газовых гидратов: прогнозирование, методы предупреждения и борьбы; Проблемы геологии и освоения недр; Т. 2

Մատենագիտական մանրամասներ
Parent link:Проблемы геологии и освоения недр: труды XXIII Международного симпозиума имени академика М. А. Усова студентов и молодых ученых, посвященного 120-летию со дня рождения академика К. И. Сатпаева, 120-летию со дня рождения профессора К. В. Радугина, Томск, 8-12 апреля 2019 г./ Национальный исследовательский Томский политехнический университет, Инженерная школа природных ресурсов ; гл. ред. А. С. Боев ; под ред. Е. Ю. Пасечник.— , 2019
Т. 2.— 2019.— [С. 166-168]
Հիմնական հեղինակ: Рябов А. Д.
Համատեղ հեղինակ: Национальный исследовательский Томский политехнический университет Инженерная школа природных ресурсов Отделение нефтегазового дела
Այլ հեղինակներ: Максимова Ю. А. Юлия Анатольевна (научный руководитель)
Ամփոփում:Заглавие с экрана
Լեզու:ռուսերեն
Հրապարակվել է: 2019
Շարք:Современные технологии разработки нефтяных и газовых месторождений
Խորագրեր:
Առցանց հասանելիություն:http://earchive.tpu.ru/handle/11683/56507
Ձևաչափ: MixedMaterials Էլեկտրոնային Գրքի գլուխ
KOHA link:https://koha.lib.tpu.ru/cgi-bin/koha/opac-detail.pl?biblionumber=630007

MARC

LEADER 00000naa2a2200000 4500
001 630007
005 20231101133605.0
035 |a (RuTPU)RU\TPU\conf\30858 
035 |a RU\TPU\conf\30856 
090 |a 630007 
100 |a 20191010d2019 k y0rusy50 ca 
101 0 |a rus 
102 |a RU 
105 |a y z 100zy 
135 |a drgn ---uucaa 
181 0 |a i  
182 0 |a b 
200 1 |a Современный подход к образованию газовых гидратов: прогнозирование, методы предупреждения и борьбы  |f А. Д. Рябов  |g науч. рук. Ю. А. Максимова 
203 |a Текст  |c электронный 
225 1 |a Современные технологии разработки нефтяных и газовых месторождений 
230 |a 1 компьютерный файл (pdf; 343 Kb) 
300 |a Заглавие с экрана 
320 |a [Библиогр.: с. 167-168 (5 назв.)] 
461 1 |0 (RuTPU)RU\TPU\conf\30471  |t Проблемы геологии и освоения недр  |o труды XXIII Международного симпозиума имени академика М. А. Усова студентов и молодых ученых, посвященного 120-летию со дня рождения академика К. И. Сатпаева, 120-летию со дня рождения профессора К. В. Радугина, Томск, 8-12 апреля 2019 г.  |o в 2 т.  |f Национальный исследовательский Томский политехнический университет, Инженерная школа природных ресурсов ; гл. ред. А. С. Боев ; под ред. Е. Ю. Пасечник  |d 2019 
463 1 |0 (RuTPU)RU\TPU\conf\30475  |t Т. 2  |v [С. 166-168]  |d 2019 
610 1 |a труды учёных ТПУ 
610 1 |a электронный ресурс 
610 1 |a современные подходы 
610 1 |a образование 
610 1 |a газовые гидраты 
610 1 |a прогнозирование 
610 1 |a гидратные пробки 
610 1 |a технологические проблемы 
610 1 |a промысловые трубопроводы 
700 1 |a Рябов  |b А. Д. 
702 1 |a Максимова  |b Ю. А.  |c специалист в области нефтепромыслового оборудования  |c старший преподаватель Томского политехнического университета  |f 1979-  |g Юлия Анатольевна  |2 stltpush  |4 727 
712 0 2 |a Национальный исследовательский Томский политехнический университет  |b Инженерная школа природных ресурсов  |b Отделение нефтегазового дела  |h 8084  |2 stltpush  |3 (RuTPU)RU\TPU\col\23546 
801 2 |a RU  |b 63413507  |c 20191024  |g RCR 
856 4 |u http://earchive.tpu.ru/handle/11683/56507 
942 |c BK